00353nas a2200157 4500000000100000008004100001260001700042653001100059653001200070653001300082100001700095245005200112300001000164490000700174022001400181 1972 d c1972 Apr-Jun10aHumans10aleprosy10aResearch1 aSkinsnes O K00aWe know more about leprosy than we think we do. a171-20 v40 a0148-916X